| 000 | 00920nam0a22002651 4500 | ||
|---|---|---|---|
| 001 | rc\3025098 | ||
| 005 | 20250806201505.0 | ||
| 035 | _a(NLR Aleph) 007166563 | ||
| 090 |
_a24613 _c24613 |
||
| 100 | _a20110929d1941 u y0rusy50 ca | ||
| 101 | 0 | _arus | |
| 102 | _aRU | ||
| 105 | _aa z ||||| | ||
| 200 | 1 |
_aЗасоленные почвы в Западной Сибири _eОсновные приемы их освоения _fН.В. Орловский |
|
| 210 |
_aНовосибирск _cНовосибгиз _d1941 |
||
| 215 |
_a88 с. _cил., черт. _d21 см |
||
| 320 | _aБиблиогр.: с. 87-8 | ||
| 700 | 1 |
_aОрловский _bН.В. _f1899- _gНиколай Васильевич |
|
| 801 | 0 |
_aRU _bNLR _gpsbo |
|
| 801 | 1 |
_aRU _bELAR _2rusmarc |
|
| 852 |
_aNLR _bС _j50 Г-6/5 |
||
| 942 | _cBOOK | ||
| 945 | _aРоссийская национальная библиотека | ||
| 980 | _aNB | ||
| 980 | _aBV | ||